00930nam a22001577a 4500008004100000020001800041050001600059100001900075245004100094250001200135260004800147300002400195500002000219505052400239650000900763140609b xxu||||| |||| 00| 0 eng d a9780406046482 aKD 4879.F82 aFoulkes,david. aAdministrative law./cDavid Foulkes. a8th ed. aNew York;bOxford university press.;c2008. axliii,583p.:c23cm. aIncludes index. aContents: Administrative law:content and context -- Administrative authorities -- Legislation and administration -- Administrative procedures and Sanctions -- Tribunals -- Duties in administrative law -- Powers and their use -- The Misuse of power -- Procedure and the Law -- The Duty to give reasons -- Judicial review -- Statutory appeals and Applications -- The Contracts of Public authorities -- The Torts of public authorities -- Discovery of documents: public interest immunity -- Ombudsmen, auditors and others.  aLaw.